000 00500nam a2200169Ia 4500
008 090123s9999 xx 000 0 und d
082 _b39313
_a891.463/दिवाण
100 _aदिवाण वृंदा
245 _aभुजंग
250 _a0
260 _bसंवेदना प्रकाशन
_c2006
600 _aदिवाण वृंदा
630 _aभुजंग
700 _aदिवाण वृंदा
730 _aभुजंग
942 _cBOOK
999 _c77424
_d77424